[Event "BCF-ch Soanes U1750 op"]
[White "Knowles, John M"]
[Black "McDonald, Ian1"]
[Site "Hull"]
[Round "5"]
[Result "1-0"]
[Date "2024.07.28"]
[WhiteElo "1539"]
[BlackElo "1736"]
[PlyCount "59"]
[EventDate "2024.07.26"]
[EventType "swiss"]
[EventRounds "5"]
[EventCountry "ENG"]
[SourceTitle "CBM 221 Extra"]
[Source "ChessBase"]
[SourceDate "2024.09.30"]
[SourceVersion "1"]
[SourceVersionDate "2024.09.30"]
[SourceQuality "1"]

1. c4 Nf6 2. Nc3 g6 3. g3 Bg7 4. Bg2 0-0 5. e4 e5 6. Nge2 d6 7. 0-0 Be6 8. d3 c6 9. h3 Na6 10. Be3 Nc7 11. b3 d5 12. exd5 cxd5 13. Bc5 Re8 14. Rc1 b6 15. Ba3 Rc8 16. d4 dxc4 17. dxe5 Nfd5 18. Nxd5 Bxd5 19. Bxd5 Qxd5 20. Qxd5 Nxd5 21. Rxc4 Rxc4 22. bxc4 Rxe5 23. cxd5 Rxe2 24. Rd1 Bf6 25. d6 Rxa2 26. Rd3 Bd8 27. d7 f5 28. Re3 a5 29. Re8+ Kf7 30. Rxd8 1-0

[Event "BCF-ch Soanes U1750 op"]
[White "Knowles, John M"]
[Black "Horlock, Peter J"]
[Site "Hull"]
[Round "1"]
[Result "0-1"]
[Date "2024.07.26"]
[WhiteElo "1539"]
[BlackElo "1646"]
[PlyCount "76"]
[EventDate "2024.07.26"]
[EventType "swiss"]
[EventRounds "5"]
[EventCountry "ENG"]
[SourceTitle "CBM 221 Extra"]
[Source "ChessBase"]
[SourceDate "2024.09.30"]
[SourceVersion "1"]
[SourceVersionDate "2024.09.30"]
[SourceQuality "1"]

1. c4 e5 2. Nc3 Nf6 3. g3 c6 4. Bg2 d6 5. e4 Be6 6. d3 Nbd7 7. Nge2 Be7 8. 0-0 0-0 9. h3 h6 10. Be3 Re8 11. b3 Nf8 12. Kh2 d5 13. exd5 cxd5 14. cxd5 Nxd5 15. Nxd5 Bxd5 16. Bxd5 Qxd5 17. Nc3 Qd7 18. Qe2 Rac8 19. Nd1 Rc6 20. Nb2 Ng6 21. Rac1 Ra6 22. Na4 Ba3 23. Nc5 Bxc5 24. Rxc5 e4 25. d4 Rf6 26. Rfc1 Ne7 27. Rc7 Qe6 28. Rxb7 Nd5 29. Rxa7 Nxe3 30. fxe3 Rf3 31. Kg2 Qg6 32. Qe1 Re6 33. Rc2 Qg5 34. Ra5 f5 35. Re2 Rg6 36. g4 Qh4 37. Rxf5 Qxh3+ 38. Kg1 Rxg4+ 0-1